Služby v systému národních výborů vybrané kapitoly

Gespeichert in:
Bibliographische Detailangaben
1. Verfasser: Gabriel, Vladislav
Körperschaft: Vysoká škola ekonomická v Praze. Obchodní fakulta
Weitere Verfasser: Zapadlo, Ladislav
Format: Buch
Sprache:Tschechisch
Veröffentlicht: Praha Státní pedagogické nakladatelství 1982
Tags: Tag hinzufügen
Keine Tags, Fügen Sie das erste Tag hinzu!

MARC

LEADER 00000nam a2200000 4500
001 c134234
005 20190425095804.0
041 0 |a cze 
044 |a CZ 
245 1 0 |a Služby v systému národních výborů  |b vybrané kapitoly  |c Vladislav Gabriel, Ladislav Zapadlo 
264 1 |a Praha  |b Státní pedagogické nakladatelství  |c 1982 
300 |a 192 s. 
100 1 |a Gabriel, Vladislav 
700 1 |a Zapadlo, Ladislav 
710 2 |a Vysoká škola ekonomická v Praze. Obchodní fakulta